MARC

LEADER 00000nas a2200000 a 4500
001 ssj0017642
003 WaSeSS
005 20200512172242.0
006 m d
007 cr n
008 011023c20019999gw qx pss 0 0eng c
010 |a  2001233899 
016 7 |a 007180399  |2 Uk 
016 7 |a 013091746  |2 Uk 
022 |a 1616-7228  |l 1616-7228  |y 1616-7341 
035 |a (WaSeSS)ssj0017642 
040 |a ABC  |b eng  |c ABC  |d TJC  |d GUA  |d OCLCQ  |d MUQ  |d CGU  |d OCL  |d OCLCQ  |d UKMGB  |d MYG  |d OCLCQ  |d OCLCF  |d VT2  |d OCLCQ  |d GUA  |d W2U  |d AZU  |d FJM  |d OCLCE  |d UAB  |d UKBOL  |d WT2  |d OCLCQ  |d AU@  |d DLC  |d NJT  |d OCLCQ  |d WaSeSS 
042 |a pcc 
050 0 0 |a VK588 
082 0 4 |a 526.99 
245 0 0 |a Ocean dynamics  |h [electronic resource]. 
260 |a Berlin, Germany :  |b Springer 
310 |a Four no. a year 
362 1 |a Print began with vol. 52, no. 1 (Oct. 2001). 
500 |a "Theoretical, computational and observational oceanography"--Journal homepage. 
506 |a License restrictions may limit access. 
538 |a Mode of access: World Wide Web. 
588 0 |a Vol. 52, issue 1 (2001); title from table of contents screen (viewed Oct. 23, 2001). 
588 1 |a Vol. 69, issue 5 (May 2019); (SpringerLink, viewed May 3, 2019). 
650 0 |a Hydrography  |v Periodicals. 
650 0 |a Oceanography  |v Periodicals. 
650 0 |a Marine meteorology  |v Periodicals. 
650 6 |a Hydrographie  |v Périodiques. 
650 6 |a Océanographie  |v Périodiques. 
650 6 |a Météorologie maritime  |v Périodiques. 
650 7 |a Hydrography.  |2 fast  |0 (OCoLC)fst00965102 
650 7 |a Marine meteorology.  |2 fast  |0 (OCoLC)fst01009724 
650 7 |a Oceanography.  |2 fast  |0 (OCoLC)fst01043671 
650 1 7 |a Oceanografie.  |2 gtt 
653 |a Geography and environment 
655 0 |a Electronic journals. 
710 2 |a Springer (Firm) 
776 0 8 |i Print version:  |t Ocean dynamics  |x 1616-7341  |w (DLC) 2001229247  |w (OCoLC)48540005 
780 0 0 |t Deutsche hydrographische Zeitschrift  |w (OCoLC)562395736 
850 |a DLC 
856 4 0 |z Full text available from Research Library: 07/01/2002 to 01/31/2019  |u https://search.proquest.com/publication/43400